Movies Quiz

Random Movies or Actor Quiz

PHD Actors & Actresses Quiz Stats

 Plays Quiz not verified by Sporcle

Score 0/25 Timer 05:00
0 Plays Today
% Correct
Bruce Willis
94.9%
Julia Roberts
94.5%
Adam Sandler
94.1%
Robin Williams
93.4%
Clint Eastwood
92.3%
Christian Bale
90.5%
Matthew McConaughey
89.6%
Denzel Washington
89.4%
Ryan Reynolds
89.3%
Woody Harrelson
88.7%
Steve Martin
88.6%
Kevin James
88.1%
George Clooney
87.9%
% Correct
Meryl Streep
87.2%
Anne Hathaway
87.1%
Al Pacino
86.6%
Jamie Lee Curtis
85.5%
Zach Galifianakis
85.2%
Dwayne Johnson
84.5%
Harrison Ford
82%
Mark Wahlberg
80.3%
Viola Davis
79.9%
James Franco
79.6%
Charlize Theron
76.3%
Scarlett Johansson
74.8%

You're not logged in!

Compare scores with friends on all Sporcle quizzes.
OR
Log In

Show Comments

Extras

Top Quizzes Today


Score Distribution

Your Account Isn't Verified!

In order to create a playlist on Sporcle, you need to verify the email address you used during registration. Go to your Sporcle Settings to finish the process.

Report this User

Report this user for behavior that violates our Community Guidelines.

Details: